Приключения славянских витязей : Из русской беллитристики XVIII века: сборник; Повесть о Силославе; Старинные диковинки, или удивительные приключения славенских князей, содержащие историю храброго Светослана; Вельдюзя, полоцкого князя; прекрасной Милославы, славенской княжны; Видостана, индийского царя; Остана, древлянского князя; Липоксая, скифа; Руса, Бориполка, Левсила и страшного чародея Карачуна; Русские сказки, содержащие древнейшие повествования о славных богатырях, сказки народные и прочие оставшиеся чрез пересказывание в памяти приключения
| Altri autori: | , |
|---|---|
| Lingua: | russo |
| Pubblicazione: |
Москва, Современник, 1988
|
| TOC: | М. Д. Чулков, Повесть о Силославе; М. И. Попов, Старинные диковинки, или удивительные приключения славенских князей, содержащие историю храброго Светослана; Вельдюзя, полоцкого князя; прекрасной Милославы, славенской княжны; Видостана, индийского царя; Остана, древлянского князя; Липоксая, скифа; Руса, Бориполка, Левсила и страшного чародея Карачуна; В. А. Левшин, Русские сказки, содержащие древнейшие повествования о славных богатырях, сказки народные и прочие оставшиеся чрез пересказывание в памяти приключения; |
| Soggetti: | |
| Natura: | MixedMaterials Libro |
| KOHA link: | https://koha.lib.tpu.ru/cgi-bin/koha/opac-detail.pl?biblionumber=261672 |
MARC
| LEADER | 00000nam0a2200000 4500 | ||
|---|---|---|---|
| 001 | 261672 | ||
| 005 | 20231101233602.0 | ||
| 010 | |a 5270001284 | ||
| 035 | |a (RuTPU)RU\TPU\book\284653 | ||
| 090 | |a 261672 | ||
| 100 | |a 20140526d1988 m y0rusy50 ca | ||
| 101 | 0 | |a rus | |
| 102 | |a RU | ||
| 105 | |a a z 001ay | ||
| 200 | 1 | |a Приключения славянских витязей : Из русской беллитристики XVIII века |e сборник |f сост. Е. А. Костюхин ; В. С. Комаров | |
| 210 | |a Москва |c Современник |d 1988 | ||
| 215 | |a 493 с. |c ил. | ||
| 320 | |a Вступительная статья: с. 5-20 | ||
| 320 | |a Примечания: с. 485-492 | ||
| 464 | |t Повесть о Силославе |f М. Д. Чулков | ||
| 464 | |t Старинные диковинки, или удивительные приключения славенских князей, содержащие историю храброго Светослана; Вельдюзя, полоцкого князя; прекрасной Милославы, славенской княжны; Видостана, индийского царя; Остана, древлянского князя; Липоксая, скифа; Руса, Бориполка, Левсила и страшного чародея Карачуна |f М. И. Попов | ||
| 464 | |t Русские сказки, содержащие древнейшие повествования о славных богатырях, сказки народные и прочие оставшиеся чрез пересказывание в памяти приключения |f В. А. Левшин | ||
| 606 | 1 | |a Русская литература, дореволюционная |2 stltpush |3 (RuTPU)RU\TPU\subj\26371 |9 50314 | |
| 610 | 1 | |a художественная литература | |
| 610 | 1 | |a беллетристика | |
| 610 | 1 | |a 18 век | |
| 610 | 1 | |a повести | |
| 610 | 1 | |a сказки | |
| 675 | |a Р1 |v 3 | ||
| 702 | 1 | |a Костюхин |b Е. А. |4 220 | |
| 702 | 1 | |a Комаров |b В. С. |4 040 | |
| 801 | 1 | |a RU |b 63413507 |c 20140526 | |
| 801 | 2 | |a RU |b 63413507 |c 20211111 |g RCR | |
| 942 | |c BK | ||